000 00467nam a2200157 4500
001 144837
003 ES-MaACL
005 20230906201117.0
007 t|
008 070214q1932 fr r ||||1| fre d
100 1 _aSlowacki, Juliusz.
_9106799
245 1 0 _aPages choisies de Jules Slowacki
_b: 1809-1849.
260 _aParis :
_béd. des amis de la Pologne,
_c[19__?] (
_eBaugé :
_fMarcel Remy)
300 _a32 p. ;
_c21 x 14 cm.
852 _aES-MaACL
_j1734-F-27
999 _c144837
_d144837